Statistics for People in History - Tile Quiz

Click here to take the quiz!

General Stats

  • This quiz has been taken 202 times
  • The average score is 47 of 64

Answer Stats

QuestionTileSelect% Correct
people born outside EuropePrince William of CambridgeNo
96%
people named "Person of the Year"Stanislav PetrovNo
96%
people born outside EuropeNapoleon BonaparteNo
95%
people born outside EuropeChristopher ColumbusNo
94%
people born outside EuropeMargaret ThatcherNo
94%
Roman EmperorsVirgilNo
93%
Roman EmperorsHoraceNo
92%
people born outside EuropeFrancisco FrancoNo
91%
Roman EmperorsSpartacusNo
91%
people born outside EuropeMarco PoloNo
90%
people born in the 19th century (1801-1900)John HancockNo
89%
people born in the 19th century (1801-1900)Queen Elizabeth IINo
89%
people born in the 19th century (1801-1900)John F. KennedyNo
88%
people born in the 19th century (1801-1900)Leif ErikssonNo
88%
Roman EmperorsDionysusNo
87%
people born outside EuropeJesusYes
87%
people born outside EuropePocahontasYes
87%
people named "Person of the Year"Ai WeiweiNo
86%
Roman EmperorsBacchusNo
86%
people born in the 19th century (1801-1900)Martin LutherNo
86%
Roman EmperorsNeroYes
86%
Roman EmperorsSullaNo
86%
people born outside EuropeBarack ObamaYes
85%
people born outside EuropeChe GuevaraYes
85%
people born in the 19th century (1801-1900)Lech WalesaNo
85%
people born outside EuropeMuhammadYes
85%
Roman EmperorsAgrippinaNo
84%
people born in the 19th century (1801-1900)Albert EinsteinYes
84%
people born in the 19th century (1801-1900)Vlad the ImpalerNo
84%
Roman EmperorsCaligulaYes
81%
people born in the 19th century (1801-1900)Leonhard EulerNo
80%
people born in the 19th century (1801-1900)Marie-AntoinetteNo
80%
people born in the 19th century (1801-1900)Adolf HitlerYes
79%
people born in the 19th century (1801-1900)Napoleon BonaparteNo
78%
Roman EmperorsCiceroNo
77%
people born outside EuropeAndré the GiantNo
76%
Roman EmperorsCrassusNo
74%
people named "Person of the Year"Greta ThunbergYes
74%
people born in the 19th century (1801-1900)Queen VictoriaYes
73%
people named "Person of the Year"Michael JacksonNo
72%
people named "Person of the Year"Mikhail GorbachevYes
72%
people named "Person of the Year"Alexander FlemingNo
70%
people born outside EuropeMark ZuckerbergYes
70%
people born in the 19th century (1801-1900)Abraham LincolnYes
69%
people named "Person of the Year"Boris YeltsinNo
69%
people named "Person of the Year"Mohandas GandhiYes
69%
Roman EmperorsMarcus AureliusYes
66%
people named "Person of the Year"Alfred NobelNo
64%
people born outside EuropeMansa MusaYes
63%
people named "Person of the Year"Adolf HitlerYes
60%
people named "Person of the Year"Queen Elizabeth IIYes
59%
people named "Person of the Year"Mark ZuckerbergYes
58%
people born in the 19th century (1801-1900)Roald AmundsenYes
58%
Roman EmperorsRomulus AugustulusYes
50%
Roman EmperorsTrajanYes
49%
people born in the 19th century (1801-1900)Cecil RhodesYes
47%
people named "Person of the Year"Joseph StalinYes
46%
people named "Person of the Year"YouYes
41%
people named "Person of the Year"Rudy GiulianiYes
39%
people born outside EuropeJoseph StalinYes
34%
Roman EmperorsJulius CaesarNo
32%
Roman EmperorsTheodosiusYes
31%
people named "Person of the Year"Mother TeresaNo
25%
people born outside EuropeBoris JohnsonYes
18%

Score Distribution

Percentile by Number Answered

Percent of People with Each Score

Your Score History

You have not taken this quiz